000 00703nam a2200289Ia 4500
005 20260324131705.0
008 008 260324s9999 xx 000 0 eng d
020 _a9780203960226
037 _aEBOOK
040 _aCRL
040 _beng
040 _cCRL
041 _2eng
041 _aeng
084 _qCRL
100 _aPatricia L. Goerman
_91186457
245 4 _aThe Promised Land?
245 4 _bThe Lives and Voices of Hispanic Immigrants in the New South
260 _bTaylor and Francis
260 _c2006
365 _a
365 _b240
856 _uhttp://www.taylorfrancis.com/books/9780203960226
942 _cEBOOK
999 _c1783862
_d1783862